Library Banner

Introduction to modern virology / (Record no. 91545)

MARC details
000 -LEADER
fixed length control field 00646cam a22002418i 4500
001 - CONTROL NUMBER
control field 18757477
005 - DATE AND TIME OF LATEST TRANSACTION
control field 20170309092800.0
008 - FIXED-LENGTH DATA ELEMENTS--GENERAL INFORMATION
fixed length control field 150824s2016 nju 001 0 eng
020 ## - INTERNATIONAL STANDARD BOOK NUMBER
International Standard Book Number 9781119978107 (pbk.)
040 ## - CATALOGING SOURCE
Transcribing agency PK-LaUMT
082 00 - DEWEY DECIMAL CLASSIFICATION NUMBER
Classification number 616.9101
Item number DIM-I
100 1# - MAIN ENTRY--PERSONAL NAME
Personal name Dimmock, N. J.
245 10 - TITLE STATEMENT
Title Introduction to modern virology /
Statement of responsibility, etc N. J. Dimmock, A. J. Easton, and K. N. Leppard
250 ## - EDITION STATEMENT
Edition statement 7th ed.
260 ## - PUBLICATION, DISTRIBUTION, ETC. (IMPRINT)
Place of publication, distribution, etc Chichester :
Name of publisher, distributor, etc John Wiley,
Date of publication, distribution, etc 2016
300 ## - PHYSICAL DESCRIPTION
Extent 519 p.
500 ## - GENERAL NOTE
General note Includes index.
650 #0 - SUBJECT ADDED ENTRY--TOPICAL TERM
Topical term or geographic name as entry element Virology.
650 #0 - SUBJECT ADDED ENTRY--TOPICAL TERM
Topical term or geographic name as entry element Virus diseases.
700 1# - ADDED ENTRY--PERSONAL NAME
Personal name Easton, A. J.
700 1# - ADDED ENTRY--PERSONAL NAME
Personal name Leppard, K. N.
942 ## - ADDED ENTRY ELEMENTS (KOHA)
Koha item type Books
Holdings
Withdrawn status Lost status Damaged status Home library Current library Date acquired Full call number Barcode Date last seen Price effective from Koha item type
      UMT Main Campus UMT Main Campus 2017-03-09 616.9101 DIM-I 106254 2022-01-10 2017-03-09 Books